000 01304cam a22003374a 4500
001 1264
005 20230809154959.0
008 010209s2002 nyua c 000 0 eng
020 _a0590379763
020 _a0590379801 (pbk.)
040 _aDLC
_cDLC
_dDLC
_beng
050 0 0 _aE99.S3
_bM18 2002
082 0 0 _a398.2/089/9755
_221
100 1 _aMartin, Rafe,
_d1946-
245 1 4 _aThe world before this one :
_ba novel told in legend /
_cRafe Martin ; with paper sculpture by Calvin Nicholls.
250 _a1st ed.
260 _aNew York :
_bArthur A. Levine Books,
_c2002.
300 _a195 pages :
_bIllustrations ;
_c20 cm.
505 _aN
520 _aAfter Crow and his grandmother are cast out of the Seneca tribe because they are unable to help make war, Crow hears the voice of the Storytelling Stone and comes to realize his own power to effect change.
521 _a590
_bLexile
521 _aN
_bRaz-Plus
650 0 _aSeneca Indians
_vFolklore.
650 0 _aSeneca mythology
_vJuvenile literature.
650 0 _aTales
_zNew York (State)
650 1 _aSeneca Indians
_vFolklore.
650 1 _aIndians of North America
_zNew York (State)
_vFolklore.
650 1 _aFolklore
_zNew York (State)
906 _a7
_bcbc
_corignew
_d1
_eocip
_f20
_gy-gencatlg
942 _2ddc
_cBK
_n0
999 _c1264
_d1264